01133cam a22002897a 45000010009000000050017000090080041000260100017000670150015000840160019000990200033001180350018001510400047001690420014002160500023002302450073002532600094003263000044004205000117004645040041005816500033006226500053006556500053007087000020007617000020007817100042008011334253520170201102138.0030912s2003 nyua bc 000 0 eng d a 2003112777 aGBA3-V63357 a08707009522Uk a0870700952 (pbk.) :c£18.95 a(DLC)13342535 aStDuBDScStDuBDSdUkdCStRLINdNNMoMAdDLC alccopycat00aNA6230b.T338 200300aTall buildings /cpreface by Terence Riley ; essay by Guy Nordenson. aNew York :bMuseum of Modern Art :bDistributed in the U.S. and Canada by D.A.P.,cc2003. a192 p. :bill. (chiefly col.) ;c31 cm. aCatalog of an exhibition held at MoMA QNS, July 16-Sept. 27, 2004, organized by Terence Riley and Guy Nordenson. aIncludes bibliographical references. 0aTall buildingsvExhibitions. 0aArchitecture, Moderny20th centuryvExhibitions. 0aArchitecture, Moderny21st centuryvExhibitions.1 aRiley, Terence.1 aNordenson, Guy.2 aMuseum of Modern Art (New York, N.Y.)